The reconstruction of a Spanish Golden Age playhouse : (Record no. 20852)
[ view plain ]
| 000 -LEADER | |
|---|---|
| fixed length control field | 01134cam a2200313 a 4500 |
| 001 - CONTROL NUMBER | |
| control field | 2349374 |
| 005 - DATE AND TIME OF LATEST TRANSACTION | |
| control field | 20170120144511.0 |
| 008 - FIXED-LENGTH DATA ELEMENTS--GENERAL INFORMATION | |
| fixed length control field | 830125s1983 fluaf b s001 0 eng |
| 010 ## - LIBRARY OF CONGRESS CONTROL NUMBER | |
| LC control number | 83001241 |
| 020 ## - INTERNATIONAL STANDARD BOOK NUMBER | |
| International Standard Book Number | 0813007550 (alk. paper) |
| 041 0# - LANGUAGE CODE | |
| Language code of text/sound track or separate title | engspa |
| 043 ## - GEOGRAPHIC AREA CODE | |
| Geographic area code | e-sp--- |
| 050 00 - LIBRARY OF CONGRESS CALL NUMBER | |
| Classification number | NA6840.S72M3233 1983 |
| 100 1# - MAIN ENTRY--PERSONAL NAME | |
| Personal name | Allen, John Jay, |
| Dates associated with a name | 1932- |
| 245 14 - TITLE STATEMENT | |
| Title | The reconstruction of a Spanish Golden Age playhouse : |
| Remainder of title | El Corral del Príncipe, 1583-1744 / |
| Statement of responsibility, etc. | John J. Allen. |
| 260 ## - PUBLICATION, DISTRIBUTION, ETC. (IMPRINT) | |
| Place of publication, distribution, etc. | Gainesville : |
| Name of publisher, distributor, etc. | University Presses of Florida, |
| Date of publication, distribution, etc. | c1983. |
| 300 ## - PHYSICAL DESCRIPTION | |
| Extent | xii, 129 p., [2] folded p. of plates : |
| Other physical details | ill. ; |
| Dimensions | 27 cm. |
| 500 ## - GENERAL NOTE | |
| General note | "A University of Florida book." |
| 500 ## - GENERAL NOTE | |
| General note | English and Spanish. |
| 500 ## - GENERAL NOTE | |
| General note | Includes index. |
| 504 ## - BIBLIOGRAPHY, ETC. NOTE | |
| Bibliography, etc | Bibliography: p. 123-124. |
| 610 20 - SUBJECT ADDED ENTRY--CORPORATE NAME | |
| Corporate name or jurisdiction name as entry element | Corral del Príncipe. |
| 651 #0 - SUBJECT ADDED ENTRY--GEOGRAPHIC NAME | |
| Geographic name | Madrid (Spain) |
| General subdivision | Buildings, structures, etc. |
| 942 ## - ADDED ENTRY ELEMENTS (KOHA) | |
| Source of classification or shelving scheme | |
| Koha item type | Hard Covered Materials |
| Classification part | NA6840.S72M3233 1983 |
| Withdrawn status | Lost status | Source of classification or shelving scheme | Damaged status | Not for loan | Home library | Current library | Shelving location | Date acquired | Source of acquisition | Total Checkouts | Full call number | Barcode | Date last seen | Price effective from | Koha item type |
|---|---|---|---|---|---|---|---|---|---|---|---|---|---|---|---|
| MACHAKOS UNIVERSITY LIBRARY | MACHAKOS UNIVERSITY LIBRARY | Technical section | 20/01/2017 | Donation(BFA) | NA6840.S72M3233 1983 | 31026 | 04/07/2018 | 20/01/2017 | Hard Covered Materials |